000 00601nam a22001697a 4500
005 20120608153618.0
020 _a8120312503
_cRs. 175.00(hbk)
035 _aA-950873
037 _aDPL
_bENG
100 _aGoyal, R. C
_948755
245 _aHand book of hospital personnel management /
_cby R.C.Goyal
250 _a2nd ed.
260 _aNew Delhi
_bPrentice Hall Of India
_c1998
300 _axiii, 319p.
_c20 cms.
942 _2ddc
_cEN
_h362.11068
_mGOY
999 _c67738
_d67738